| 000 | 01252nam0a22002891 4500 | ||
|---|---|---|---|
| 001 | rc\3599063 | ||
| 005 | 20250610045850.0 | ||
| 021 |
_aRU _b70-45802 |
||
| 021 |
_aRU _bРг2164-71 |
||
| 035 | _a(NLR Aleph) 007706303 | ||
| 090 |
_a6802343 _c6802343 |
||
| 100 | _a20130115d1970 |||y0rusy50 ca | ||
| 101 | 0 | _arus | |
| 102 | _aRU | ||
| 105 | _ay z ||||| | ||
| 200 | 1 |
_aПрофориентация школьников _e(Рекомендации комсомольским организациям школ, высш. и сред.-спец. учеб. заведений, профтехучилищ, предприятий, совхозов и колхозов) _fОмский обл. ком. ВЛКСМ. Кабинет комсомольской работы. Зональная комсомольская школа |
|
| 210 |
_aОмск _cБ. и. _d1970 |
||
| 215 |
_a18 с. _d20 |
||
| 300 | _aВ вып. дан. сост.: С. Мартынова | ||
| 320 | _aБиблиогр.: с. 16-18 | ||
| 702 | 1 |
_aМартынова _bС. _4220 |
|
| 712 | 0 | 2 | _aОмский обл. кабинет комсомольской работы |
| 801 | 0 |
_aRU _bNLR _gpsbo |
|
| 801 | 1 |
_aRU _bELAR _2rusmarc |
|
| 852 |
_aNLR _j70-4/11439 |
||
| 942 | _cBOOK | ||
| 980 | _aNB | ||